60 años brindando ciencia a la mente y virtud al corazón: 1956-2016
Salvato in:
| Ente Autore: | |
|---|---|
| Natura: | Libro |
| Lingua: | spagnolo |
| Pubblicazione: |
San Salvador
Universidad del Salvador
2017
|
| Edizione: | 1a. ed |
| Soggetti: | |
| Tags: |
Aggiungi Tag
Nessun Tag, puoi essere il primo ad aggiungerne!!
|
MARC
| LEADER | 00000cam a2200000 a 4500 | ||
|---|---|---|---|
| 001 | UCC7533 | ||
| 003 | CL-VaPUC | ||
| 008 | 190409e20170000es |||||||||||||||||spa|d | ||
| 082 | 0 | 4 | |a 378.7284 |b UNI |2 21 |
| 110 | 2 | |a Universidad del Salvador |e author |9 602172 | |
| 245 | 1 | 0 | |a 60 años brindando ciencia a la mente y virtud al corazón: 1956-2016 |
| 250 | |a 1a. ed | ||
| 300 | |a 441 p | ||
| 942 | |c BK | ||
| 945 | |d 20190409 14:28:00 |a dcastane | ||
| 260 | |a San Salvador |b Universidad del Salvador |c 2017 | ||
| 600 | 0 | 7 | |a UNIVERSIDAD DEL SALVADOR |2 CL-VaPUC |9 331996 |
| 650 | 0 | |a Educación superior |9 223851 | |
| 650 | 0 | |a Universidades |9 256317 | |
| 650 | 0 | |a Historia de la educación |9 257642 | |
| 651 | 7 | |a EL SALVADOR |2 CL-VaPUC |9 257726 | |
| 583 | |a last modification |c 20190409 14:28:00 |k Rodrigo Vera | ||
| 999 | |c 374153 |d 374151 | ||
| 952 | |0 0 |1 0 |3 erd |4 0 |6 378_728400000000000_UNI_2017 |7 0 |8 X |9 492576 |a FDOBUD |b FDOBUD |i 5541921 |o 378.7284 UNI 2017 |p 5541921 |r 2019-11-24 |w 2019-11-24 |y BK_X |z Catalogado en:20190409 |k BUD | ||